• 首页
  • 本馆介绍
  • 公告通知
  • 最新文献
  • 馆藏检索
  • 电子资源
  • 读者导购
  • 参考咨询
  • 我的图书馆
  • 登录
  • 详细信息显示
  • 放入我的书架
  • 预约/预借图书
  • 作者相关作品
  • 分类相关作品
  • 丛书相关作品
  • 出版社相关作品

书目信息

  • 表格格式
  • 工作单格式
  • 卡片格式
题名:
匈牙利近现代史
    
 
作者: 马玉琪 著
分册:  
出版信息: 北京   中国言实出版社  2021
页数: 320页
开本: 24cm
丛书名:
单 册:
中图分类: K515 , K515
科图分类:
主题词: 东欧--历史 , 中欧--历史
电子资源:
ISBN: 978-7-5171-3493-0
000 00960nam0 2200253 450
001 2329323868
005 20231103081004.72
010    @a978-7-5171-3493-0@dCNY76.00
100    @a20210514d2021 em y0chiy50 ea
101 0  @achi
102    @aCN@b110000
105    @ay z 000yy
200 1  @a匈牙利近现代史@9xiong ya li jin xian dai shi@e1867-2018@f马玉琪著
210    @a北京@c中国言实出版社@d2021
215    @a320页@d24cm
330    @a本书简单介绍了1867年成立的奥匈帝国的建制,然后介绍了从1867年到第一次世界大战的爆发之间及第一次世界大战期间的匈牙利;1918年的匈牙利资产阶级民主革命、1918年匈牙利苏维埃共和国的成立和失败以及匈牙利作为一战的战败国,于1920年6月4日在巴黎签署了《特里亚农和约》的情况。
606 0  @a东欧@x历史
606 0  @a中欧@x历史
607    @a匈牙利@x历史@z1867-2018
690    @aK515@v5
690    @aK515@v4
701  0 @a马玉琪@9ma yu qi@f(1938-)@4著
801  0 @aCN@b大连网信软件有限公司图书馆·11@c20231103
905    @aBZT@dK515@e1
    
    匈牙利近现代史:1867-2018/马玉琪著.-北京:中国言实出版社,2021
    320页;24cm
    
    
    ISBN 978-7-5171-3493-0:CNY76.00
    本书简单介绍了1867年成立的奥匈帝国的建制,然后介绍了从1867年到第一次世界大战的爆发之间及第一次世界大战期间的匈牙利;1918年的匈牙利资产阶级民主革命、1918年匈牙利苏维埃共和国的成立和失败以及匈牙利作为一战的战败国,于1920年6月4日在巴黎签署了《特里亚农和约》的情况。
●
相关链接 在五车中查询图书 在当当中查询图书 在豆瓣中查询图书


正题名:匈牙利近现代史     索取号:K515/1         预约/预借

序号 登录号 条形码 馆藏地/架位号 状态 备注
1 2000978927   2000978927   第四书库/四33架B面2层6列/ [索取号:K515/1] 在馆    
2 2000978928   2000978928   第四书库/四33架B面2层6列/ [索取号:K515/1] 在馆    
3 2000978929   2000978929   第四书库/四33架B面2层6列/ [索取号:K515/1] 在馆    
4 2000978930   2000978930   第四书库/四33架B面2层6列/ [索取号:K515/1] 在馆    
5 2000978931   2000978931   第四书库/四33架B面2层6列/ [索取号:K515/1] 在馆    
6 2000978932   2000978932   第四书库/四33架B面2层6列/ [索取号:K515/1] 在馆    
山东省滨州职业学院图书馆 欢迎您!
大连网信软件有限公司© 版权所有